000 00341nam a2200121Ia 4500
008 220216s9999 xx 000 0 und d
100 _aHaistings J D
245 0 _aPlasticity and the colour of sheet rubber
260 _bJournal of the Rubber Research Institute of Malaya
_c1938
300 _a291-307
650 _aSheet rubber
942 _cJS
999 _c65188
_d65188